[Event "Titled Tuesday intern op 16th Apr Early"]
[Site "Chess.com INT"]
[Date "2024.04.16"]
[Round "1"]
[White "Kuzhilniy, Oleksandr"]
[Black "Aakash, G2."]
[Result "1-0"]
[WhiteElo "2238"]
[BlackElo "2241"]
[PlyCount "131"]
[EventDate "2024.04.16"]
[EventType "swiss (blitz)"]
[EventRounds "11"]
[EventCountry "USA"]
[SourceTitle "CB17_2024"]
[SourceDate "2024.04.24"]
[SourceVersion "1"]
[SourceVersionDate "2024.04.24"]
[SourceQuality "1"]

1. c3 d5 2. d4 Nf6 3. Nf3 c5 4. dxc5 Nc6 5. b4 a6 6. e3 e5 7. Nbd2 Be7 8. Be2 0-0 9. 0-0 Bg4 10. Bb2 Qc7 11. a3 Rad8 12. Re1 Rfe8 13. Qc2 g6 14. c4 d4 15. exd4 Nxd4 16. Nxd4 exd4 17. Bxg4 Nxg4 18. Nf3 Bf6 19. Qd3 Qf4 20. h3 Ne5 21. Nxe5 Bxe5 22. g3 Qf6 23. Re4 Bc7 24. Rae1 Rxe4 25. Rxe4 Qf5 26. Kg2 b6 27. cxb6 Bxb6 28. c5 Bc7 29. Qf3 d3 30. Rd4 d2 31. Rxd8+ Bxd8 32. Qe2 Qd5+ 33. Kh2 Kf8 34. Qd1 Bg5 35. f4 Be7 36. Bc3 a5 37. Qxd2 Qb3 38. h4 Qxa3 39. bxa5 Qxc5 40. Qd4 Ke8 41. Qxc5 Bxc5 42. Kg2 Kd7 43. Kf3 f5 44. Bd2 Kc6 45. Be3 Bd6 46. a6 Bc7 47. Ke2 Bd6 48. Bf2 Bc7 49. Kd3 Bd6 50. Kc4 Bc7 51. Bd4 Bd6 52. Be5 Ba3 53. Bb8 Kb6 54. a7 Kb7 55. Kd5 Bc1 56. Ke6 Be3 57. Kf6 Bf2 58. h5 gxh5 59. Kxf5 Bxg3 60. Kg5 h4 61. Kg4 Ka8 62. f5 Bxb8 63. axb8Q+ Kxb8 64. f6 Kc7 65. f7 Kd7 66. f8Q 1-0

[Event "Titled Tuesday intern op 13th Feb Early"]
[Site "Chess.com INT"]
[Date "2024.02.13"]
[Round "2"]
[White "Alonso Rosell, Alvar"]
[Black "Kuzhilniy, Oleksandr"]
[Result "1-0"]
[WhiteElo "2564"]
[BlackElo "2238"]
[PlyCount "71"]
[EventDate "2024.02.13"]
[EventType "swiss (blitz)"]
[EventRounds "11"]
[EventCountry "USA"]
[SourceTitle "CB08_2024"]
[SourceDate "2024.02.21"]
[SourceVersion "1"]
[SourceVersionDate "2024.02.21"]
[SourceQuality "1"]

1. d4 d5 2. c4 e6 3. Nf3 Nf6 4. g3 Bb4+ 5. Nc3 dxc4 6. Bg2 a6 7. Qa4+ Nc6 8. Ne5 0-0 9. Nxc6 Bxc3+ 10. bxc3 bxc6 11. Qxc6 Rb8 12. Qxc4 Bd7 13. a4 a5 14. 0-0 Rb6 15. Ba3 Re8 16. Bc5 Rb2 17. Ba3 Rb6 18. e4 Qb8 19. h3 Bc6 20. Rfe1 h6 21. d5 Bd7 22. Bc5 exd5 23. exd5 Rxe1+ 24. Rxe1 Rb1 25. Rxb1 Qxb1+ 26. Kh2 Qd1 27. Bd4 Ne8 28. Qc5 Qxa4 29. Qe7 Bb5 30. Bc5 Qc4 31. Qf8+ Kh7 32. Bd4 Qd3 33. Qxf7 a4 34. Qe7 Kh8 35. Be4 Qe2 36. Qf8# 1-0

[Event "Titled Tuesday intern op 13th Feb Early"]
[Site "Chess.com INT"]
[Date "2024.02.13"]
[Round "8"]
[White "Lagno, Kateryna"]
[Black "Kuzhilniy, Oleksandr"]
[Result "1-0"]
[WhiteElo "2542"]
[BlackElo "2238"]
[PlyCount "49"]
[EventDate "2024.02.13"]
[EventType "swiss (blitz)"]
[EventRounds "11"]
[EventCountry "USA"]
[SourceTitle "CB08_2024"]
[SourceDate "2024.02.21"]
[SourceVersion "1"]
[SourceVersionDate "2024.02.21"]
[SourceQuality "1"]

1. e4 e5 2. Nf3 Nc6 3. Bb5 a6 4. Ba4 Nf6 5. 0-0 d6 6. Bxc6+ bxc6 7. d4 exd4 8. Nxd4 c5 9. Nc6 Qd7 10. Na5 Qa4 11. Qe1 Be7 12. Nc3 Qxa5 13. e5 0-0 14. Nd5 Qxe1 15. Nxe7+ Kh8 16. Rxe1 dxe5 17. Rxe5 Re8 18. Bf4 Be6 19. Nc6 Bd5 20. Ne7 Be6 21. Nc6 Bd5 22. Na5 Rxe5 23. Bxe5 Re8 24. Re1 Nd7 25. Bxg7+ 1-0

[Event "Titled Tuesday intern op 05th Sep Early"]
[Site "Chess.com INT"]
[Date "2023.09.05"]
[Round "1"]
[White "Fernandez, Gerardo"]
[Black "Kuzhilniy, Oleksandr"]
[Result "0-1"]
[WhiteElo "2181"]
[BlackElo "2260"]
[PlyCount "80"]
[EventDate "2023.09.05"]
[EventType "swiss (blitz)"]
[EventRounds "11"]
[EventCountry "USA"]
[SourceTitle "EXT 2024"]
[Source "ChessBase"]
[SourceDate "2023.10.10"]
[SourceVersion "1"]
[SourceVersionDate "2023.10.10"]
[SourceQuality "1"]

1. e4 d5 2. exd5 Qxd5 3. Nc3 Qe5+ 4. Qe2 Qxe2+ 5. Ngxe2 Nf6 6. g3 Bd7 7. Bg2 Bc6 8. 0-0 e6 9. d4 Bxg2 10. Kxg2 Nc6 11. Bf4 0-0-0 12. Rfd1 Be7 13. a3 Nd5 14. Nxd5 exd5 15. Ng1 g5 16. Be3 h5 17. h3 f5 18. Nf3 g4 19. Ng5 Bxg5 20. Bxg5 Rde8 21. c3 Re2 22. Rd2 Rhe8 23. Rad1 Na5 24. hxg4 hxg4 25. Rxe2 Rxe2 26. Rd2 Rxd2 27. Bxd2 Kd7 28. f3 Kc6 29. fxg4 fxg4 30. Kf2 Kb5 31. Ke3 Nc4+ 32. Kd3 Nxb2+ 33. Ke2 Nc4 34. Bc1 Ka4 35. Kd3 Kb3 36. Bf4 c6 37. Bc1 a5 38. Bf4 Nxa3 39. Bc1 Nc4 40. Bf4 a4 0-1

[Event "Titled Tuesday intern op 05th Sep Early"]
[Site "Chess.com INT"]
[Date "2023.09.05"]
[Round "9"]
[White "Kuzhilniy, Oleksandr"]
[Black "Adewumi, Tanitoluwa"]
[Result "1-0"]
[WhiteElo "2260"]
[BlackElo "2295"]
[PlyCount "123"]
[EventDate "2023.09.05"]
[EventType "swiss (blitz)"]
[EventRounds "11"]
[EventCountry "USA"]
[SourceTitle "EXT 2024"]
[Source "ChessBase"]
[SourceDate "2023.10.10"]
[SourceVersion "1"]
[SourceVersionDate "2023.10.10"]
[SourceQuality "1"]

1. b3 Nf6 2. Bb2 g6 3. Nf3 Bg7 4. g3 0-0 5. Bg2 Nh5 6. d4 c5 7. e3 Nc6 8. 0-0 cxd4 9. Nxd4 d5 10. Nxc6 bxc6 11. Bxg7 Nxg7 12. c4 Ba6 13. Nd2 Qa5 14. Qc2 Rfd8 15. Rfd1 Rac8 16. a3 Nf5 17. b4 Qb6 18. c5 Qb8 19. Bh3 e6 20. Bxf5 gxf5 21. Nb3 Bc4 22. Na5 Bb5 23. Rd4 Qe5 24. Rad1 Qf6 25. Nb7 Rd7 26. Nd6 Rb8 27. a4 Ba6 28. b5 cxb5 29. Rb1 b4 30. Rdxb4 Rxb4 31. Rxb4 Qa1+ 32. Rb1 Qa3 33. Nb5 Bxb5 34. axb5 Rc7 35. c6 Qd6 36. Ra1 Qb4 37. Qa4 Qc5 38. Qa5 Rc8 39. Qa6 Rc7 40. Qa5 Rc8 41. Qxa7 Qxb5 42. Rc1 Kg7 43. c7 e5 44. Qc5 Qd7 45. Qc3 f6 46. Kf1 Kf7 47. Kg2 Ke6 48. Qa5 d4 49. Qb6+ Kf7 50. exd4 exd4 51. Rd1 Qd5+ 52. Kg1 d3 53. Qa6 Rxc7 54. Qxd3 Qe6 55. Qd8 Re7 56. Qh8 Kg6 57. Qd8 f4 58. Qd3+ Kg7 59. gxf4 h5 60. f5 Qe5 61. Qg3+ Kh6 62. Qg6# 1-0

[Event "Titled Tuesday intern op 05th Sep Early"]
[Site "Chess.com INT"]
[Date "2023.09.05"]
[Round "5"]
[White "Kuzhilniy, Oleksandr"]
[Black "Hajiyev, Kanan"]
[Result "1/2-1/2"]
[WhiteElo "2260"]
[BlackElo "2113"]
[PlyCount "136"]
[EventDate "2023.09.05"]
[EventType "swiss (blitz)"]
[EventRounds "11"]
[EventCountry "USA"]
[SourceTitle "EXT 2024"]
[Source "ChessBase"]
[SourceDate "2023.10.10"]
[SourceVersion "1"]
[SourceVersionDate "2023.10.10"]
[SourceQuality "1"]

1. b3 Nf6 2. Bb2 g6 3. Nf3 Bg7 4. g3 Nh5 5. d4 0-0 6. Bg2 c5 7. e3 Nc6 8. 0-0 d5 9. Nbd2 cxd4 10. exd4 Bg4 11. h3 Bxf3 12. Nxf3 Rc8 13. c4 dxc4 14. bxc4 Na5 15. c5 Nc4 16. Bc3 b5 17. a4 a6 18. axb5 axb5 19. Qb3 Qd7 20. Rfb1 Rb8 21. Ne5 Nxe5 22. dxe5 Qc7 23. e6 f5 24. Bxg7 Kxg7 25. c6 f4 26. g4 f3 27. gxh5 fxg2 28. hxg6 Qxc6 29. gxh7 Rf3 30. Qb2+ Kxh7 31. Qe5 Rbf8 32. Ra7 Qe8 33. Qg5 R8f6 34. Rb4 Qg6 35. Rxe7+ Kg8 36. Rxb5 Rxf2 37. Qxg6+ Rxg6 38. Rb8+ Rf8 39. Rxf8+ Kxf8 40. Rf7+ Ke8 41. Rf2 Rxe6 42. Kxg2 Rh6 43. Kg3 Rg6+ 44. Kh2 Ke7 45. Rf4 Rf6 46. Rg4 Kf7 47. Kg3 Rh6 48. Ra4 Rg6+ 49. Kf3 Rf6+ 50. Kg4 Rg6+ 51. Kh5 Re6 52. h4 Re5+ 53. Kg4 Kg6 54. Ra6+ Kg7 55. Kg3 Re4 56. Kh3 Rd4 57. Ra5 Rc4 58. Rg5+ Kh6 59. Rd5 Re4 60. Kg3 Re3+ 61. Kf4 Re6 62. Re5 Rc6 63. Ra5 Rb6 64. Kg4 Rb4+ 65. Kg3 Rb3+ 66. Kg4 Rb4+ 67. Kg3 Rb3+ 68. Kg4 Rb4+ 1/2-1/2

[Event "Speed Chess Q2 Sw"]
[Site "Chess.com INT"]
[Date "2023.08.23"]
[Round "7"]
[White "Tahbaz, Arash"]
[Black "Kuzhilniy, Oleksandr"]
[Result "1-0"]
[WhiteElo "2441"]
[BlackElo "2268"]
[PlyCount "135"]
[EventDate "2023.08.23"]
[EventType "swiss (blitz)"]
[EventRounds "14"]
[EventCountry "USA"]
[SourceTitle "CBM 215 Extra"]
[Source "ChessBase"]
[SourceDate "2023.09.30"]
[SourceVersion "1"]
[SourceVersionDate "2023.09.30"]
[SourceQuality "1"]

1. Nf3 Nf6 2. g3 g6 3. Bg2 Bg7 4. 0-0 0-0 5. c4 c5 6. d4 d6 7. Nc3 Nc6 8. dxc5 dxc5 9. Bf4 Nh5 10. Be3 b6 11. Qc1 Bb7 12. Rd1 Qe8 13. Bh6 Bxh6 14. Qxh6 f6 15. Nd5 Rc8 16. Rd2 e6 17. Nc3 Qe7 18. Rad1 Rfd8 19. Bh3 Rxd2 20. Rxd2 Rd8 21. Qe3 Ng7 22. Rxd8+ Nxd8 23. Nd5 Qf7 24. Nc3 Nf5 25. Bxf5 exf5 26. b3 Qd7 27. Ne1 Ne6 28. Nd3 h5 29. f3 Qd4 30. Kf2 Kf7 31. Nb5 Qd7 32. Nxa7 Bxf3 33. Qxf3 Qxa7 34. Qd5 Ke7 35. Qc6 Qc7 36. Qxc7+ Nxc7 37. Nf4 Kf7 38. Nh3 g5 39. Ng1 Ne6 40. e3 Ke7 41. Ne2 Kd6 42. Nc3 Nc7 43. Ke2 Kd7 44. Kd3 Kd6 45. a3 Kc6 46. b4 cxb4 47. axb4 Kd6 48. Na4 Kc6 49. b5+ Kb7 50. Kd4 Ka7 51. Nc3 Kb7 52. Nd5 Ne6+ 53. Kc3 h4 54. gxh4 gxh4 55. Nxf6 f4 56. e4 f3 57. Ng4 Nc5 58. Kd4 Kc7 59. e5 Kd7 60. Ke3 Ke6 61. Kxf3 Nd3 62. Ke4 Nb2 63. Ne3 h3 64. c5 bxc5 65. b6 Kd7 66. e6+ Kc6 67. e7 Kd7 68. b7 1-0

[Event "Titled Tuesday intern op 22nd Aug Early"]
[Site "Chess.com INT"]
[Date "2023.08.22"]
[Round "2"]
[White "Kuzhilniy, Oleksandr"]
[Black "Sadhwani, Raunak"]
[Result "0-1"]
[WhiteElo "2268"]
[BlackElo "2624"]
[PlyCount "134"]
[EventDate "2023.08.22"]
[EventType "swiss (blitz)"]
[EventRounds "11"]
[EventCountry "USA"]
[SourceTitle "EXT 2024"]
[Source "ChessBase"]
[SourceDate "2023.10.10"]
[SourceVersion "1"]
[SourceVersionDate "2023.10.10"]
[SourceQuality "1"]

1. b3 g6 2. Bb2 Nf6 3. Nf3 Bg7 4. g3 0-0 5. Bg2 d6 6. d4 b5 7. 0-0 Bb7 8. Nbd2 Nbd7 9. c4 bxc4 10. Nxc4 a5 11. Qe1 c5 12. dxc5 Nxc5 13. Rc1 Bd5 14. Bc3 Bxc4 15. bxc4 e5 16. Rb1 Qc7 17. Nd2 Ra6 18. Rb5 a4 19. Qb1 Nfd7 20. Rd1 h6 21. Nf1 Nf6 22. Ne3 Kh7 23. Bb4 e4 24. Bxc5 dxc5 25. Bxe4 Re6 26. Nd5 Nxd5 27. Rxd5 Qe7 28. Bd3 Bd4 29. Rb7 Qf6 30. e3 Bc3 31. h4 Kg7 32. h5 g5 33. Rf5 Qd8 34. Be4 Re7 35. Bd5 Rxb7 36. Qxb7 Bf6 37. Qc6 a3 38. Qxc5 Qe7 39. Qxe7 Bxe7 40. e4 f6 41. Rf3 Rb8 42. c5 Bxc5 43. Rc3 Bd6 44. Bb3 Be5 45. Rd3 Rc8 46. Rd7+ Kh8 47. Kg2 Rc3 48. Kh3 Rxb3 49. axb3 a2 50. Ra7 a1Q 51. Rxa1 Bxa1 52. Kg4 Kg7 53. Kf5 Kf7 54. f4 Bd4 55. b4 Bf2 56. fxg5 hxg5 57. g4 Bg3 58. b5 Bc7 59. b6 Bxb6 60. e5 Bd8 61. exf6 Bxf6 62. h6 Bd8 63. Ke5 Kg6 64. Ke6 Kxh6 65. Kf5 Ba5 66. Ke4 Bd2 67. Kf5 Bf4 0-1

[Event "Titled Tuesday intern op 15th Aug Early"]
[Site "Chess.com INT"]
[Date "2023.08.15"]
[Round "8"]
[White "Kuzhilniy, Oleksandr"]
[Black "Bochnicka, Vladimir1111"]
[Result "1-0"]
[WhiteElo "2268"]
[BlackElo "2368"]
[PlyCount "116"]
[EventDate "2023.08.15"]
[EventType "swiss (blitz)"]
[EventRounds "11"]
[EventCountry "USA"]
[SourceTitle "EXT 2024"]
[Source "ChessBase"]
[SourceDate "2023.10.10"]
[SourceVersion "1"]
[SourceVersionDate "2023.10.10"]
[SourceQuality "1"]

1. Nf3 d5 2. e3 Bg4 3. h3 Bxf3 4. Qxf3 Nf6 5. c4 e6 6. b3 c6 7. Bb2 Bd6 8. d4 Nbd7 9. Bd3 0-0 10. 0-0 Re8 11. Nc3 e5 12. cxd5 cxd5 13. dxe5 Nxe5 14. Qd1 Rc8 15. Nb5 Bb8 16. Bf5 Rc5 17. Nd4 Ne4 18. Nf3 Nxf3+ 19. Qxf3 Rc2 20. Bd4 Be5 21. Bxe4 dxe4 22. Qd1 Qc8 23. Rc1 Rxc1 24. Qxc1 Bxd4 25. exd4 g6 26. Qc4 Rd8 27. d5 Qf5 28. Rd1 Rd6 29. Qc5 Qe5 30. Qxa7 Rxd5 31. Re1 Rd7 32. Qe3 f5 33. Rc1 Qd5 34. Qh6 Rd8 35. Rc7 Rd7 36. Rc8+ Rd8 37. Rc1 Kf7 38. Qxh7+ Kf6 39. Qh4+ Kf7 40. Rc7+ Rd7 41. Qh7+ Ke6 42. Rxd7 Qxd7 43. Qxd7+ Kxd7 44. Kf1 Kc6 45. Ke2 Kc5 46. a3 b5 47. g3 Kd4 48. Kd2 g5 49. h4 gxh4 50. gxh4 f4 51. h5 e3+ 52. fxe3+ fxe3+ 53. Ke2 Ke5 54. Kxe3 Kf5 55. Kd4 Kg5 56. Kc5 Kxh5 57. Kxb5 Kg6 58. a4 Kf6 1-0

[Event "Titled Tuesday intern op 15th Aug Early"]
[Site "Chess.com INT"]
[Date "2023.08.15"]
[Round "3"]
[White "Kuzhilniy, Oleksandr"]
[Black "Zhigalko, Sergei"]
[Result "0-1"]
[WhiteElo "2268"]
[BlackElo "2572"]
[PlyCount "100"]
[EventDate "2023.08.15"]
[EventType "swiss (blitz)"]
[EventRounds "11"]
[EventCountry "USA"]
[SourceTitle "EXT 2024"]
[Source "ChessBase"]
[SourceDate "2023.10.10"]
[SourceVersion "1"]
[SourceVersionDate "2023.10.10"]
[SourceQuality "1"]

1. b3 e5 2. Bb2 d6 3. c4 Nf6 4. e3 c6 5. d4 e4 6. d5 Na6 7. Nc3 Bf5 8. Nge2 Rc8 9. Ng3 Bg6 10. dxc6 bxc6 11. Be2 Be7 12. 0-0 0-0 13. h4 h6 14. h5 Bh7 15. Qd4 Nc5 16. Rfd1 a5 17. Rac1 Qc7 18. Qd2 Rfd8 19. Ba3 Qa7 20. Qc2 Nd3 21. Bxd3 exd3 22. Qd2 d5 23. Bxe7 Qxe7 24. cxd5 cxd5 25. f3 Qe5 26. Kf2 Nxh5 27. f4 Nxf4 28. exf4 Qd4+ 29. Qe3 Qxe3+ 30. Kxe3 d4+ 31. Kd2 dxc3+ 32. Rxc3 Rxc3 33. Kxc3 Rc8+ 34. Kd4 Rc2 35. Ne4 Bxe4 36. Kxe4 Rxa2 37. g4 d2 38. Kd3 g6 39. Rg1 Kg7 40. g5 hxg5 41. fxg5 Rb2 42. Kc3 Ra2 43. Rd1 Kf8 44. Kc4 Ke7 45. Kd5 Kd7 46. Kc5 Ke6 47. Kd4 Kf5 48. Kc3 Kxg5 49. Rxd2 Rxd2 50. Kxd2 f5 0-1

[Event "Titled Tuesday intern op 15th Aug Early"]
[Site "Chess.com INT"]
[Date "2023.08.15"]
[Round "4"]
[White "Ziatdinov, Raset"]
[Black "Kuzhilniy, Oleksandr"]
[Result "0-1"]
[WhiteElo "2081"]
[BlackElo "2268"]
[PlyCount "34"]
[EventDate "2023.08.15"]
[EventType "swiss (blitz)"]
[EventRounds "11"]
[EventCountry "USA"]
[SourceTitle "EXT 2024"]
[Source "ChessBase"]
[SourceDate "2023.10.10"]
[SourceVersion "1"]
[SourceVersionDate "2023.10.10"]
[SourceQuality "1"]

1. e4 b6 2. d4 Bb7 3. Bd3 e6 4. c3 c5 5. Nf3 Nf6 6. Qe2 d5 7. e5 Ne4 8. Nbd2 Nxd2 9. Bxd2 a5 10. 0-0 Ba6 11. Bxa6 Nxa6 12. Qb5+ Qd7 13. Qxb6 a4 14. Ng5 Be7 15. b3 0-0 16. bxa4 Rfb8 17. Qa5 Nc7 0-1